00550nam a22001577a 450000500170000000800410001702000150005805000200007310000210009324500810011425000280019526000670022330000440029050400200033465000380035420150124130718.0140610t usa||||| |||| 00| 0 eng d a052131750904aBF 38bT39 19991 aTaylor, Charles 10aHuman Agency and Language Tomo I :bPhilosophical Papers /cCharles Taylor, aPrimera Edición: 1999 aUnited States of America :bCambridge University Press,c1999. a294 paginas, c23 X 16 centímetros,  aIncluye: Indice 72LembaFilosofía xPsicología